[Event "Florianopolis op 4th"]
[Site "Florianopolis"]
[Date "2018.01.21"]
[Round "4"]
[White "Dibai, Jerry"]
[Black "Hoeckler, Valesca Bernardi"]
[Result "1/2-1/2"]
[WhiteElo "1717"]
[BlackElo "1268"]
[PlyCount "108"]
[EventDate "2018.01.19"]
[EventType "swiss"]
[EventRounds "10"]
[EventCountry "BRA"]
[SourceTitle "EXT 2019"]
[Source "ChessBase"]
[SourceDate "2018.10.10"]
[SourceVersion "1"]
[SourceVersionDate "2018.10.10"]
[SourceQuality "1"]

1. Nf3 Nc6 2. g3 Nf6 3. Bg2 d5 4. 0-0 Bf5 5. d3 e6 6. Re1 Bg4 7. h3 Bxf3 8. Bxf3 Be7 9. c3 a6 10. Nd2 h6 11. Nb3 Qd7 12. Be3 a5 13. Nc5 Qc8 14. Qb3 b6 15. Qb5 Bxc5 16. Qxc6+ Nd7 17. Bxc5 bxc5 18. e4 Ra6 19. Qa4 dxe4 20. dxe4 0-0 21. Rad1 Ne5 22. Be2 Rd6 23. f4 Ng6 24. e5 Rxd1 25. Rxd1 f6 26. exf6 Rxf6 27. Qd7 Qb7 28. Qb5 Qe4 29. Rd8+ Rf8 30. Qd3 Qb7 31. Bg4 Qb6 32. Rxf8+ Nxf8 33. b4 Qd6 34. Be2 Qxd3 35. Bxd3 Kf7 36. Kf2 Kf6 37. a3 Nd7 38. Ke3 Ke7 39. Be4 Kd6 40. Kd3 Nb6 41. f5 exf5 42. Bxf5 Kd5 43. Be4+ Ke5 44. Bc6 Kd6 45. Bf3 Ke5 46. c4 Kf6 47. Kc3 Ke5 48. Kd3 g6 49. Bc6 Kd6 50. Be4 g5 51. h4 gxh4 52. gxh4 Ke5 53. h5 Ke6 54. Bg6 Nd7 1/2-1/2

[Event "Florianopolis op 4th"]
[Site "Florianopolis"]
[Date "2018.01.19"]
[Round "1"]
[White "Hoeckler, Valesca Bernardi"]
[Black "Cardoso, Lucca Pimenta"]
[Result "0-1"]
[WhiteElo "1268"]
[BlackElo "1612"]
[PlyCount "98"]
[EventDate "2018.01.19"]
[EventType "swiss"]
[EventRounds "10"]
[EventCountry "BRA"]
[SourceTitle "CBM 182 Extra"]
[Source "ChessBase"]
[SourceDate "2018.02.23"]
[SourceVersion "1"]
[SourceVersionDate "2018.02.23"]
[SourceQuality "1"]

1. e4 c5 2. Nc3 e6 3. d3 Nc6 4. Nge2 d5 5. exd5 exd5 6. d4 c4 7. Bf4 Nf6 8. Nb5 Bb4+ 9. c3 Ba5 10. Nd6+ Ke7 11. Nxc8+ Qxc8 12. Bg5 Qe6 13. Qd2 Rhe8 14. Qe3 Qxe3 15. Bxe3 Ng4 16. Nf4 Kd6 17. Ke2 f5 18. h3 g5 19. Nh5 Nxe3 20. fxe3 f4 21. Ng7 Rxe3+ 22. Kf2 Ne7 23. g4 Rg8 24. Nh5 Rg6 25. h4 h6 26. Re1 Rxe1 27. Kxe1 Ng8 28. hxg5 hxg5 29. Bg2 b5 30. a3 Ne7 31. Kf2 Bb6 32. Re1 a5 33. Re5 b4 34. a4 Bc7 35. Re2 Nc8 36. Re1 Nb6 37. Ra1 Ke6 38. Ke2 Kf7 39. Kd2 b3 40. Re1 Re6 41. Ra1 Re3 42. Rh1 Kg6 43. Re1 Rxe1 44. Kxe1 Nxa4 45. Bxd5 Nxb2 46. Kd2 a4 47. Be4+ Kh6 48. Nf6 a3 49. Ng8+ Kg7 0-1

[Event "Florianopolis op 2nd"]
[Site "Florianopolis"]
[Date "2016.01.16"]
[Round "1"]
[White "Hoeckler, Valesca Bernardi"]
[Black "Bastos, Guilherme Exterhott"]
[Result "0-1"]
[WhiteElo "1353"]
[BlackElo "1968"]
[PlyCount "66"]
[EventDate "2016.01.16"]
[EventType "swiss"]
[EventRounds "10"]
[EventCountry "BRA"]
[SourceTitle "CBM 170 Extra"]
[Source "ChessBase"]
[SourceDate "2016.02.25"]
[SourceVersion "1"]
[SourceVersionDate "2016.02.25"]
[SourceQuality "1"]

1. e4 Nf6 2. Nc3 d5 3. exd5 Nxd5 4. Bc4 Be6 5. Nf3 Nxc3 6. bxc3 Bxc4 7. d3 Ba6 8. Bf4 e6 9. 0-0 Bd6 10. Be3 Nd7 11. Re1 0-0 12. d4 Re8 13. Bg5 f6 14. Be3 b6 15. Rb1 e5 16. dxe5 Nxe5 17. Qd5+ Kh8 18. h3 Nd3 19. cxd3 Bh2+ 20. Nxh2 Qxd5 21. Nf3 Qxd3 22. Rbc1 Bb7 23. Nd2 Rxe3 24. Rxe3 Qxd2 25. Ree1 Qg5 26. f3 Bxf3 27. Rc2 Bc6 28. Rd1 Ba4 29. Rf1 Bxc2 30. Rf2 Re8 31. Rxc2 Re1+ 32. Kh2 Qf5 33. Rd2 Qf4+ 0-1

[Event "Florianopolis Cordioli Memorial"]
[Site "Florianopolis"]
[Date "2015.07.04"]
[Round "3"]
[White "Hoeckler, Valesca Bernardi"]
[Black "Schwirkowski Filho, Adriano"]
[Result "0-1"]
[WhiteElo "1734"]
[BlackElo "1499"]
[PlyCount "37"]
[EventDate "2015.07.03"]
[EventType "swiss"]
[EventRounds "7"]
[EventCountry "BRA"]
[SourceTitle "EXT 2016"]
[Source "ChessBase"]
[SourceDate "2015.10.08"]
[SourceVersion "1"]
[SourceVersionDate "2015.10.08"]
[SourceQuality "1"]

1. e4 c5 2. Nf3 d6 3. d4 cxd4 4. Nxd4 Nf6 5. Nc3 Bd7 6. Be3 g6 7. f3 Bg7 8. Bc4 Nc6 9. Qd2 Rc8 10. Bb3 a6 11. 0-0-0 0-0 12. g4 Ne5 13. Qe2 Nfxg4 14. Bg5 Bf6 15. Bxf6 Nxf6 16. Qd2 Kg7 17. Qg5 Rc5 18. Qe3 b5 19. a4 0-1